000 00466cam a2200181 4500
001 D14409
008 090401t1907 xxu||||| |||| 00| 0 eng d
035 _a(Sirsi) u15493
041 _aeng
100 _aWebster, William Frederick
245 4 _aThe law relating to particulars and conditions of sale on a sale of land
250 _a3rd
260 _aLondon
_bStevens and Sons
_c1907
350 _a0
520 _aShelf 137
942 _n0
948 _c04/03/1997
999 _c87284
_d87284